Candy - Doja Cat (All Lyrics) - Statistics

General Stats
  • This quiz has been taken 71 times
  • The average score is 299 of 380
Answer Stats
Lyrics % Correct
can
100%
lick
100%
so
100%
sweet
100%
candy,
98%
I
96%
like
96%
a
94%
just
94%
she's
92%
that
92%
ain't
90%
it
90%
know
90%
sugar
90%
you
90%
cherry
88%
cherry,
88%
real
88%
go
84%
but
82%
and
80%
it's
80%
me
80%
the
80%
your
78%
stil
76%
this
76%
coated,
74%
be
72%
lies
72%
baby,
70%
for
70%
wrapper
68%
might
66%
still
66%
unfolded
66%
ways,
66%
couple
64%
name
64%
such
64%
apple,
62%
shit
62%
than
62%
you're
62%
everything
60%
got
60%
in
60%
men,
60%
more
60%
typical
60%
what
60%
when
60%
much
58%
teeth
58%
who
58%
rot
56%
spot
56%
thing
56%
gettin'
54%
addictive,
52%
forget
50%
to
50%
do
48%
eat
48%
high
48%
mouth,
48%
need
48%
put
48%
billion
46%
guy
46%
runnin'
46%
key
44%
'til
44%
pecan,
40%
make
38%
mean
38%
ooh
38%
or
38%
over
38%
was
38%
difficult
36%
lime
36%
note
36%
gon'
34%
who's
34%
hyped
32%
someone
32%
enough,
30%
hands,
30%
place
26%
through
26%
fiendin'
24%
shoot
22%
things
22%
night,
18%
at
16%
meet
16%
him,
14%
late
14%
who'll
12%
No matching quizzes found
Score Distribution
Percent of People with Each Score
Percentile by Number Answered
Your Score History
You have not taken this quiz